00733nam a2200193 a 450000100100000000500170001000800410002702000150006804000250008308200160010810000210012424500740014526000720021930000170029149000380030850000410034650501140038783000380050100002261120200930021709.0101014s2004 dr 000 0 fre d a9993580244 aDO-SdBNPbfrecBNPHU axxxxbN436h1 aNemours, Colonel10aHistoire militaire de la guerre d´indépendence /cColonel Nemours. aSanto Domingo :bFundación Global Democracia y Desarrollo,c2004. av. ;c22 cm.1 aDu Bicentenaire Haití 1804-2004 aLa biblioteca posee el volumen 1 y 22 aV. 1. La campagne de Leclerc contre Toussaint Louverture -- V. 2. Les Clorieux combats des divisions du nord. 0aDu Bicentenaire Haití 1804-2004